[Event "4NCL Division 3s"]
[Site "Daventry Court ENG"]
[Date "2013.11.16"]
[Round "1.96"]
[White "Head, Louise"]
[Black "Jones, Christopher M"]
[Result "0-1"]
[WhiteElo "1777"]
[BlackElo "2075"]
[PlyCount "184"]
[EventDate "2013.11.16"]
[WhiteTeam "BCM Bison (4)"]
[BlackTeam "The Rookies"]

1. d4 f5 2. g3 Nf6 3. Bg2 e6 4. Nf3 Be7 5. c4 d6 6. O-O O-O 7. b3 Qe8 8. Bb2
Qh5 9. Nc3 Nbd7 10. Qc2 e5 11. Nb5 e4 12. Nxc7 exf3 13. Bxf3 Ng4 14. Bxg4 Qxg4
15. Nxa8 Bd8 16. f3 Qg5 17. Rae1 Qe3+ 18. Kg2 b6 19. Qd3 Qh6 20. Bc1 Qg6 21. e4
fxe4 22. Qxe4 Qf7 23. Qe6 Bb7 24. Qxf7+ Kxf7 25. Ba3 Bxa8 26. Bxd6 Rg8 27. Re3
Bg5 28. Re2 Bf6 29. d5 b5 30. Rfe1 Nb6 31. cxb5 Nxd5 32. Be5 Rc8 33. Bxf6 gxf6
34. g4 Nf4+ 35. Kg3 Nxe2+ 36. Rxe2 Rc5 37. Rd2 Ke7 38. Re2+ Kd7 39. Rd2+ Rd5
40. Rc2 Rxb5 41. Rc4 Ra5 42. Rf4 Ke6 43. a4 Bd5 44. Rf5 Ra6 45. Rh5 Bxb3 46. f4
Rxa4 47. Rxh7 Bd5 48. g5 fxg5 49. fxg5 Kf5 50. h4 a5 51. Kf2 Re4 52. Ra7 a4 53.
Ra5 Ke5 54. h5 Rg4 55. h6 Rxg5 56. Rxa4 Rh5 57. Ra6 Kf4 58. Rf6+ Kg5 59. Rd6
Be4 60. Ke3 Bf5 61. Rb6 Rh3+ 62. Kd4 Bg6 63. Ke5 Kxh6 64. Rf6 Kg5 65. Rf1 Re3+
66. Kd4 Re8 67. Rf2 Bf5 68. Kd5 Kf6 69. Kd6 Rd8+ 70. Kc7 Rd5 71. Kc6 Rd3 72.
Kc5 Ke5 73. Re2+ Be4 74. Kc4 Rd8 75. Rh2 Rc8+ 76. Kb3 Kd4 77. Kb2 Rb8+ 78. Ka1
Kc3 79. Rb2 Rd8 80. Rb3+ Kd2 81. Kb2 Bd3 82. Rc3 Re8 83. Rb3 Re1 84. Ka3 Bc4
85. Rg3 Rb1 86. Rh3 Bd3 87. Ka2 Rb5 88. Ka1 Kc3 89. Rh2 Rg5 90. Rg2 Re5 91. Rh2
Re1+ 92. Ka2 Bc4+ 0-1

[Event "4NCL Division 3s"]
[Site "Daventry Court ENG"]
[Date "2013.11.16"]
[Round "1.98"]
[White "Grieve, Harry"]
[Black "Jaszkiwskyj, Peter"]
[Result "1/2-1/2"]
[WhiteElo "1664"]
[BlackElo "1968"]
[PlyCount "91"]
[EventDate "2013.11.16"]
[WhiteTeam "BCM Bison (4)"]
[BlackTeam "The Rookies"]

1. e4 e6 2. d4 d5 3. exd5 exd5 4. Nf3 Bd6 5. Bd3 Bg4 6. Be3 Ne7 7. Nbd2 Bf5 8.
Nf1 Nd7 9. Ng3 Bxd3 10. Qxd3 O-O 11. O-O c6 12. Rfe1 Rc8 13. c3 Re8 14. Bd2 Qc7
15. Rac1 Nf8 16. Nf5 Nxf5 17. Qxf5 Ng6 18. g3 Re7 19. Re3 Rxe3 20. Bxe3 Re8 21.
Re1 Re6 22. Qb1 Qe7 23. Bg5 f6 24. Rxe6 Qxe6 25. Be3 Qg4 26. Kg2 Kf7 27. h3 Qe6
28. Qd3 Bc7 29. Bd2 h6 30. b3 b5 31. a3 Bd6 32. b4 a6 33. h4 Qg4 34. Kf1 Qh3+
35. Ke2 Qg2 36. Ne1 Qh3 37. Nf3 Ne7 38. Kd1 Qg4 39. Kc2 Qe6 40. Qe3 Qg4 41. Qd3
Nf5 42. Nh2 Qh3 43. Nf1 Qg4 44. Ne3 Nxe3+ 45. Qxe3 Qf5+ 46. Kb2 1/2-1/2

[Event "4NCL Division 3s"]
[Site "Daventry Court ENG"]
[Date "2013.11.16"]
[Round "1.99"]
[White "Gibson, Christopher A"]
[Black "Shaw, Matthew H"]
[Result "0-1"]
[WhiteElo "2013"]
[BlackElo "1902"]
[PlyCount "58"]
[EventDate "2013.11.16"]
[WhiteTeam "The Rookies"]
[BlackTeam "BCM Bison (4)"]

1. d4 Nf6 2. c4 g6 3. Nc3 Bg7 4. e4 d6 5. f3 O-O 6. Be3 Nbd7 7. Nh3 a6 8. Qd2
c5 9. d5 Qa5 10. Nf2 b5 11. cxb5 Nb6 12. Be2 Nfd7 13. Bh6 Bxh6 14. Qxh6 axb5
15. Bxb5 Ba6 16. Bxa6 Qxa6 17. Qd2 Nc4 18. Qe2 Rfb8 19. Nfd1 Nxb2 20. Qc2 Ne5
21. Kf2 Qc4 22. Kg3 Ned3 23. h3 Qd4 24. Kh2 Qe5+ 25. Kg1 Qd4+ 26. Kh2 Qe5+ 27.
Kg1 Ne1 28. Qc1 Qg3 29. Ne3 Nbd3 0-1

[Event "4NCL Division 3s"]
[Site "Daventry Court ENG"]
[Date "2013.11.16"]
[Round "1.100"]
[White "Mallon, Gunnar"]
[Black "Ressel, Eva"]
[Result "1-0"]
[WhiteElo "1702"]
[BlackElo "1539"]
[PlyCount "119"]
[EventDate "2013.11.16"]
[WhiteTeam "BCM Bison (4)"]
[BlackTeam "The Rookies"]

1. c4 e5 2. Nc3 f5 3. g3 Nf6 4. a3 a6 5. Bg2 Bc5 6. e3 O-O 7. Nge2 d6 8. O-O
Nc6 9. d4 Bb6 10. Nd5 Bd7 11. b4 Rc8 12. Bb2 Qe8 13. Nc1 Kh8 14. dxe5 dxe5 15.
Nd3 e4 16. Nxf6 gxf6 17. Nf4 Ne5 18. Qc2 c5 19. Bxe5 Qxe5 20. Rab1 cxb4 21.
Rxb4 Qc5 22. Qb3 Rc6 23. Rd1 Be6 24. Nxe6 Rxe6 25. Rb1 Ba5 26. Rxb7 Rc8 27. Rb8
Rxb8 28. Qxb8+ Kg7 29. Rb7+ Re7 30. Rxe7+ Qxe7 31. Qb3 Qd6 32. Bh3 Kg6 33. Qa4
Qc5 34. Bf1 Kh6 35. Qb3 Qb6 36. Qxb6 Bxb6 37. a4 a5 38. Bg2 Kg5 39. Kf1 h5 40.
h4+ Kg4 41. Kg1 Ba7 42. Kh2 Bc5 43. Bh3+ Kf3 44. Kg1 f4 45. gxf4 Bb4 46. Kf1
Bc5 47. Bf5 Bb4 48. Bg6 Kg4 49. Bxe4 Kxh4 50. Kg2 Bc5 51. Bf5 Bb6 52. Kf3 Bc5
53. Ke4 Bd6 54. Kd5 Bc7 55. c5 Bb8 56. Ke6 Bc7 57. Kxf6 Bd8+ 58. Ke6 Bc7 59.
Kd7 Bb8 60. c6 1-0

[Event "4NCL Division 3s"]
[Site "Daventry Court ENG"]
[Date "2013.11.16"]
[Round "1.105"]
[White "Gooding, Ian"]
[Black "Edgell, Ben P"]
[Result "1/2-1/2"]
[WhiteElo "1986"]
[BlackElo "2100"]
[PlyCount "33"]
[EventDate "2013.11.16"]
[WhiteTeam "Cambridge University 3"]
[BlackTeam "West is Best 1"]

1. e4 e5 2. Nf3 Nc6 3. Nc3 Nf6 4. Bb5 d6 5. d4 exd4 6. Nxd4 Bd7 7. Bxc6 bxc6 8.
O-O Be7 9. Re1 O-O 10. Bf4 g6 11. e5 Nh5 12. Bh6 Re8 13. Qf3 d5 14. e6 fxe6 15.
Nxe6 Bxe6 16. Rxe6 Bf8 17. Rxe8 1/2-1/2

[Event "4NCL Division 3s"]
[Site "Daventry Court ENG"]
[Date "2013.11.16"]
[Round "1.106"]
[White "Davies, Matthew"]
[Black "Campbell, Mark C"]
[Result "1/2-1/2"]
[WhiteElo "1935"]
[BlackElo "1952"]
[PlyCount "53"]
[EventDate "2013.11.16"]
[WhiteTeam "West is Best 1"]
[BlackTeam "Cambridge University 3"]

1. d4 Nf6 2. c4 e6 3. Nc3 Bb4 4. e3 c5 5. Nge2 d5 6. a3 cxd4 7. exd4 Be7 8. Nf4
Nc6 9. c5 O-O 10. Be2 a5 11. Rb1 b6 12. b4 axb4 13. axb4 bxc5 14. dxc5 d4 15.
Na4 e5 16. Nb6 Rb8 17. Qa4 Bd7 18. Bb5 exf4 19. Bxc6 Bf5 20. Rb2 Qc7 21. O-O
Rfd8 22. Re1 Bf8 23. Na8 Qc8 24. Nb6 Qc7 25. Na8 Qc8 26. Nb6 Qc7 27. Na8
1/2-1/2

[Event "4NCL Division 3s"]
[Site "Daventry Court ENG"]
[Date "2013.11.16"]
[Round "1.108"]
[White "Richardt, Mike"]
[Black "Breed, Greg J"]
[Result "1/2-1/2"]
[WhiteElo "1967"]
[BlackElo "1706"]
[PlyCount "66"]
[EventDate "2013.11.16"]
[WhiteTeam "West is Best 1"]
[BlackTeam "Cambridge University 3"]

1. d4 Nf6 2. c4 e6 3. Nc3 d5 4. Nf3 c6 5. e3 Nbd7 6. Bd3 Qa5 7. O-O dxc4 8.
Bxc4 Nb6 9. Bd3 Be7 10. Ne5 O-O 11. Bd2 Nbd5 12. Ne4 Qc7 13. Ng3 Bd6 14. Nf3 e5
15. e4 Ne7 16. dxe5 Bxe5 17. Nxe5 Qxe5 18. Bc3 Qf4 19. Ne2 Qh4 20. g3 Qh6 21.
Bd2 Qh3 22. Nf4 Qg4 23. f3 Qd7 24. Bc3 Ng6 25. Nxg6 hxg6 26. Bc4 Qe7 27. Qd4
Rd8 28. Qe5 Qxe5 29. Bxe5 b5 30. Bb3 c5 31. Rad1 Bh3 32. Rfe1 c4 33. Bc2 Be6
1/2-1/2

[Event "4NCL Division 3s"]
[Site "Daventry Court ENG"]
[Date "2013.11.16"]
[Round "1.109"]
[White "Ivanov, George"]
[Black "Bridges, Paul L"]
[Result "0-1"]
[WhiteElo "1717"]
[BlackElo "1860"]
[PlyCount "66"]
[EventDate "2013.11.16"]
[WhiteTeam "Cambridge University 3"]
[BlackTeam "West is Best 1"]

1. e4 c5 2. Nf3 e6 3. d4 cxd4 4. Nxd4 Nc6 5. Be3 a6 6. Be2 Nf6 7. f3 Qc7 8. Nd2
Be7 9. O-O O-O 10. f4 d6 11. f5 e5 12. N4b3 b5 13. Qe1 Rd8 14. g4 d5 15. g5
Nxe4 16. Nxe4 dxe4 17. f6 Bf8 18. Qf2 Nd4 19. Nxd4 exd4 20. Bf4 Qa7 21. fxg7
Bc5 22. Kh1 Be6 23. Bh5 d3 24. Qg2 Bd5 25. cxd3 exd3 26. Bf3 Qb7 27. Rad1 Bxf3
28. Rxf3 d2 29. Rxd2 Rxd2 30. Bxd2 Rd8 31. Rg3 Qd7 32. Be3 Qd1+ 33. Qg1 Qe2 0-1

[Event "4NCL Division 3s"]
[Site "Daventry Court ENG"]
[Date "2013.11.16"]
[Round "1.116"]
[White "Tippleston, Charles E"]
[Black "McEwan, Ken B"]
[Result "1-0"]
[WhiteElo "2115"]
[BlackElo "2089"]
[PlyCount "51"]
[EventDate "2013.11.16"]
[WhiteTeam "MK Phoenix 1"]
[BlackTeam "Broadland"]

1. e4 c5 2. Nf3 d6 3. Bb5+ Bd7 4. Bxd7+ Nxd7 5. O-O Ngf6 6. Re1 g6 7. c3 c4 8.
b3 cxb3 9. axb3 Bg7 10. d4 O-O 11. c4 a6 12. Nc3 Qc7 13. Bb2 e6 14. h3 Rfb8 15.
e5 dxe5 16. dxe5 Ne8 17. Qe2 Qb6 18. Rad1 Rd8 19. Ne4 Qxb3 20. Rxd7 Rxd7 21.
Nc5 Qb4 22. Nxd7 Rd8 23. Nf6+ Nxf6 24. exf6 Bf8 25. Rc1 Qa4 26. Qc2 1-0

[Event "4NCL Division 3s"]
[Site "Daventry Court ENG"]
[Date "2013.11.16"]
[Round "1.117"]
[White "Hughes, Roy"]
[Black "Habershon, Paul F"]
[Result "1-0"]
[WhiteElo "2018"]
[BlackElo "2090"]
[PlyCount "51"]
[EventDate "2013.11.16"]
[WhiteTeam "Broadland"]
[BlackTeam "MK Phoenix 1"]

1. d4 Nf6 2. Bf4 d6 3. e3 g6 4. Nf3 Bg7 5. Be2 O-O 6. O-O Nbd7 7. h3 b6 8. c4
Bb7 9. Nc3 Re8 10. Rc1 e5 11. Bh2 a6 12. b4 a5 13. b5 Qe7 14. Re1 Rad8 15. Nd2
h6 16. Nb3 Nf8 17. Qc2 exd4 18. exd4 N8h7 19. c5 dxc5 20. dxc5 Ne4 21. Nxe4
Bxe4 22. Qc4 Qg5 23. Bf1 Bd5 24. Qc2 Be5 25. Rxe5 Rxe5 26. f4 1-0

[Event "4NCL Division 3s"]
[Site "Daventry Court ENG"]
[Date "2013.11.16"]
[Round "1.125"]
[White "Chiu, Howard"]
[Black "Thomas, Rik H"]
[Result "1/2-1/2"]
[WhiteElo "2065"]
[BlackElo "2185"]
[PlyCount "54"]
[EventDate "2013.11.16"]
[WhiteTeam "Oxford 2"]
[BlackTeam "Kings Head 2"]

1. e4 Nc6 2. d4 d5 3. e5 Bf5 4. f4 e6 5. Nf3 Nb4 6. Na3 c5 7. Be3 c4 8. c3 Nc6
9. Nc2 Be7 10. Bf2 h5 11. Ne3 Be4 12. Nd2 Bg6 13. f5 Bxf5 14. Nxf5 exf5 15. Qf3
Qd7 16. g3 f6 17. Bg2 fxe5 18. Qxd5 exd4 19. Qxd7+ Kxd7 20. Bxc6+ Kxc6 21. Bxd4
Bf6 22. Nxc4 Re8+ 23. Kd2 Bxd4 24. cxd4 Nf6 25. Rhf1 Ne4+ 26. Kd3 Rhf8 27. Rac1
Kd7 1/2-1/2

[Event "4NCL Division 3s"]
[Site "Daventry Court ENG"]
[Date "2013.11.16"]
[Round "1.126"]
[White "Wittmann, Jochen"]
[Black "Dickinson, Tim R"]
[Result "0-1"]
[WhiteElo "2134"]
[BlackElo "2122"]
[PlyCount "84"]
[EventDate "2013.11.16"]
[WhiteTeam "Kings Head 2"]
[BlackTeam "Oxford 2"]

1. f4 c5 2. Nf3 Nc6 3. g3 g6 4. Bg2 Bg7 5. O-O e6 6. e4 Nge7 7. c3 O-O 8. d3 d5
9. Be3 dxe4 10. dxe4 Qxd1 11. Rxd1 b6 12. Na3 Ba6 13. Rd7 Rfd8 14. Rad1 Kf8 15.
Rxd8+ Rxd8 16. Rxd8+ Nxd8 17. e5 Nd5 18. Bd2 f6 19. exf6 Bxf6 20. Nc2 Bc4 21.
Nfe1 Bxa2 22. Bf1 Nc6 23. Na3 Na5 24. Nd3 Nc4 25. Nxc4 Bxc4 26. Nxc5 Bxf1 27.
Nd7+ Ke7 28. Nxf6 Kxf6 29. Kxf1 Kf5 30. c4 Ne7 31. Ke2 Ke4 32. Bc3 Nf5 33. b4
Nd6 34. c5 Nb5 35. Be1 bxc5 36. bxc5 Nd4+ 37. Kd2 Nb3+ 38. Kc3 Nxc5 39. Kc4 Nd3
40. Bc3 e5 41. fxe5 Nxe5+ 42. Kb5 Nf3 0-1

[Event "4NCL Division 3s"]
[Site "Daventry Court ENG"]
[Date "2013.11.16"]
[Round "1.127"]
[White "Nandi, Robin J"]
[Black "Mackenzie, Colin"]
[Result "0-1"]
[WhiteElo "1989"]
[BlackElo "2093"]
[PlyCount "86"]
[EventDate "2013.11.16"]
[WhiteTeam "Oxford 2"]
[BlackTeam "Kings Head 2"]

1. e4 e6 2. d4 d5 3. Nc3 Bb4 4. e5 c5 5. a3 Bxc3+ 6. bxc3 Qc7 7. Qg4 f6 8. Bb5+
Kf8 9. Ne2 a6 10. Bd3 c4 11. O-O cxd3 12. cxd3 Nc6 13. a4 Qf7 14. Ba3+ Nge7 15.
f4 Qg6 16. Qh4 Kf7 17. Rf3 Nf5 18. Qf2 h5 19. Ng3 h4 20. Nxf5 Qxf5 21. Qb2 Qh7
22. Qb6 Qg8 23. Qc7+ Kg6 24. exf6 Kxf6 25. f5 exf5 26. Re1 Qd8 27. Qf4 g5 28.
Qd2 Re8 29. Rfe3 Rxe3 30. Qxe3 Bd7 31. Qf3 Qg8 32. Qh5 Qf7 33. Qf3 Re8 34. Rb1
Nd8 35. Bd6 Kg6 36. Be5 Bxa4 37. Rb6+ Bc6 38. h3 Qe6 39. Kh2 Nf7 40. Bc7 Qd7
41. Be5 Nxe5 42. dxe5 Rxe5 43. d4 Re1 0-1

[Event "4NCL Division 3s"]
[Site "Daventry Court ENG"]
[Date "2013.11.16"]
[Round "1.128"]
[White "Davey, Mark"]
[Black "Scott, David A"]
[Result "0-1"]
[WhiteElo "1982"]
[BlackElo "2042"]
[PlyCount "122"]
[EventDate "2013.11.16"]
[WhiteTeam "Kings Head 2"]
[BlackTeam "Oxford 2"]

1. e4 e6 2. d4 d5 3. Nd2 Be7 4. f4 c5 5. c3 cxd4 6. cxd4 Nc6 7. Ngf3 Qb6 8.
exd5 exd5 9. Nb3 Bf5 10. Bd3 Bb4+ 11. Kf2 Bxd3 12. Qxd3 Nf6 13. Rf1 Ne4+ 14.
Kg1 O-O 15. Be3 f6 16. a3 Bd6 17. Nc5 Rfe8 18. b4 f5 19. Qb3 Nf6 20. Ne5 Qc7
21. Rac1 Qe7 22. Bf2 Nd8 23. Bh4 Ne6 24. Bxf6 gxf6 25. Ned3 Rad8 26. Nxe6 Qxe6
27. Rfe1 Qf7 28. Qa4 a6 29. Qa5 Rxe1+ 30. Rxe1 Bc7 31. Qc5 Bd6 32. Qb6 Qd7 33.
h3 Kf7 34. Nc5 Bxc5 35. bxc5 Rc8 36. Qb1 Re8 37. Rxe8 Kxe8 38. Qe1+ Kd8 39. Kh2
Qf7 40. Qa5+ Kc8 41. Qb6 Kb8 42. Qd6+ Qc7 43. Qf8+ Ka7 44. Kg3 Qa5 45. c6 Qc3+
46. Kh4 Qxc6 47. Kh5 Qb6 48. Kh6 Qxd4 49. Kxh7 Qb6 50. Qc8 Qd6 51. Qxf5 d4 52.
Qd3 Qxf4 53. a4 Qe3 54. Qc4 d3 55. Qc3 f5 56. h4 f4 57. h5 d2 58. Qc2 Qe7+ 59.
Kg8 Qd8+ 60. Kg7 Qd4+ 61. Kg8 d1=Q 0-1

[Event "4NCL Division 3s"]
[Site "Daventry Court ENG"]
[Date "2013.11.16"]
[Round "1.129"]
[White "Wang, Maria"]
[Black "Gilfillan, Andrew"]
[Result "1/2-1/2"]
[WhiteElo "1829"]
[BlackElo "1929"]
[PlyCount "114"]
[EventDate "2013.11.16"]
[WhiteTeam "Oxford 2"]
[BlackTeam "Kings Head 2"]

1. e4 c5 2. Nf3 Nc6 3. d4 cxd4 4. Nxd4 Nf6 5. Nc3 e6 6. Be3 Bb4 7. Nxc6 bxc6 8.
e5 Nd5 9. Bd2 Qh4 10. Nxd5 cxd5 11. c3 Bc5 12. Qf3 O-O 13. Qf4 Qe7 14. Bd3 d6
15. O-O dxe5 16. Qxe5 f6 17. Qh5 g6 18. Qh4 e5 19. b4 Bd6 20. Rfe1 Be6 21. f3
Rac8 22. a3 Qf7 23. Rac1 Rc7 24. Rc2 Kh8 25. Rec1 Rg8 26. c4 g5 27. Qe1 dxc4
28. Be2 Rgc8 29. Qf1 Bf8 30. Kh1 h6 31. Rc3 Bg7 32. b5 Qd7 33. Qd1 Qxb5 34. Rb1
Qd5 35. Qc2 f5 36. Rd1 Qc6 37. Be3 Kg8 38. Kg1 a6 39. Kf1 e4 40. Bd4 Bd5 41.
Bxg7 Kxg7 42. Qd2 Rd7 43. Qd4+ Qf6 44. Qxf6+ Kxf6 45. fxe4 fxe4 46. Bg4 Be6 47.
Rxd7 Bxg4 48. Rd4 Be6 49. Rxe4 Bf5 50. Ree3 Rd8 51. Rxc4 Bd3+ 52. Rxd3 Rxd3 53.
Rc6+ Ke5 54. Rxa6 h5 55. Ke2 Rb3 56. Ra5+ Kf4 57. Ra4+ Ke5 1/2-1/2

[Event "4NCL Division 3s"]
[Site "Daventry Court ENG"]
[Date "2013.11.16"]
[Round "1.130"]
[White "Whitehead, David J"]
[Black "Wang, X Anna"]
[Result "1-0"]
[WhiteElo "2007"]
[BlackElo "1813"]
[PlyCount "85"]
[EventDate "2013.11.16"]
[WhiteTeam "Kings Head 2"]
[BlackTeam "Oxford 2"]

1. e4 c5 2. Nf3 d6 3. d4 cxd4 4. Nxd4 Nf6 5. Nc3 g6 6. Be3 Bg7 7. f3 O-O 8. Qd2
Nc6 9. Bc4 Bd7 10. O-O-O Rb8 11. h4 b5 12. Bb3 a5 13. h5 a4 14. Nxc6 Bxc6 15.
Bd5 Bxd5 16. Nxd5 b4 17. Bh6 b3 18. cxb3 axb3 19. axb3 Rxb3 20. Bxg7 Kxg7 21.
Nxf6 exf6 22. hxg6 fxg6 23. Kb1 Qc7 24. Qh6+ Kg8 25. Rd2 Rf7 26. Rc1 Qd8 27.
Rdc2 Rf8 28. Qh3 Qb6 29. Qe6+ Kh8 30. Qe7 Kg8 31. Qe6+ Kh8 32. Qe7 Kg8 33. Rh1
Rf7 34. Rc8+ Kg7 35. Rxh7+ Kxh7 36. Qxf7+ Kh6 37. Rh8+ Kg5 38. f4+ Kxf4 39.
Qxf6+ Ke3 40. Qf3+ Kd2 41. Qf4+ Ke2 42. Qc1 Qd4 43. Qc2+ 1-0

[Event "4NCL Division 3s"]
[Site "Daventry Court ENG"]
[Date "2013.11.16"]
[Round "1.135"]
[White "Briscoe, Chris"]
[Black "Hall, John"]
[Result "1/2-1/2"]
[WhiteElo "2214"]
[BlackElo "2269"]
[PlyCount "39"]
[EventDate "2013.11.16"]
[WhiteTeam "Surbiton"]
[BlackTeam "Leeds University Old Boys"]

1. c4 Nf6 2. g3 e5 3. Nc3 c6 4. d4 exd4 5. Qxd4 d5 6. Bg2 Be6 7. Nf3 dxc4 8.
Qxd8+ Kxd8 9. Ng5 Nbd7 10. O-O h6 11. Nxe6+ fxe6 12. Rd1 Bc5 13. Bd2 Ke7 14.
Na4 Bd6 15. Rac1 Nb6 16. Nc3 Rhd8 17. a4 Nbd5 18. Ne4 Nxe4 19. Bxe4 Be5 20.
Rxc4 1/2-1/2

[Event "4NCL Division 3s"]
[Site "Daventry Court ENG"]
[Date "2013.11.16"]
[Round "1.137"]
[White "Henderson, Ian R"]
[Black "Taylor, Mark V"]
[Result "1/2-1/2"]
[WhiteElo "2059"]
[BlackElo "2097"]
[PlyCount "78"]
[EventDate "2013.11.16"]
[WhiteTeam "Surbiton"]
[BlackTeam "Leeds University Old Boys"]

1. d4 e6 2. c4 f5 3. Nf3 Nf6 4. g3 Be7 5. Bg2 O-O 6. O-O d6 7. Nc3 a5 8. Re1
Ne4 9. Qc2 Nc6 10. Nxe4 Nb4 11. Qb1 fxe4 12. Qxe4 e5 13. Qb1 Bf5 14. e4 Bg4 15.
a3 Nc6 16. d5 Bxf3 17. dxc6 bxc6 18. Bd2 Qe8 19. Qd3 Qh5 20. Re3 Bxg2 21. Kxg2
Bg5 22. Re2 Bxd2 23. Rxd2 c5 24. Re1 Rab8 25. Re3 a4 26. Qd5+ Qf7 27. Rf3 Qxd5
28. exd5 Rfe8 29. Re3 Rb7 30. f4 Reb8 31. fxe5 Rxb2 32. Rxb2 Rxb2+ 33. Kf3 dxe5
34. Rxe5 Kf7 35. Re6 Rc2 36. Rc6 Rxc4 37. Rxc7+ Kf6 38. d6 Rd4 39. Rxc5 Rxd6
1/2-1/2

[Event "4NCL Division 3s"]
[Site "Daventry Court ENG"]
[Date "2013.11.16"]
[Round "1.139"]
[White "James, Angus S"]
[Black "Bourne, Iain"]
[Result "1/2-1/2"]
[WhiteElo "1942"]
[BlackElo "1918"]
[PlyCount "147"]
[EventDate "2013.11.16"]
[WhiteTeam "Surbiton"]
[BlackTeam "Leeds University Old Boys"]

1. e4 c5 2. Nf3 Nc6 3. Bb5 g6 4. O-O Bg7 5. c3 Nf6 6. Re1 O-O 7. d4 d5 8. e5
Ne4 9. Bxc6 bxc6 10. Nbd2 Nxd2 11. Nxd2 cxd4 12. cxd4 c5 13. dxc5 Qc7 14. Nf3
Qxc5 15. Bg5 Re8 16. Qd2 Rb8 17. b3 e6 18. Bh6 Bh8 19. Rac1 Qb6 20. h4 Ba6 21.
h5 Rec8 22. hxg6 hxg6 23. Qf4 Rc7 24. Rxc7 Qxc7 25. Rc1 Qd7 26. Bg5 Rc8 27.
Rxc8+ Bxc8 28. Nh2 Qc7 29. Ng4 Kf8 30. Qb4+ Kg8 31. Nf6+ Bxf6 32. Bxf6 Qc1+ 33.
Kh2 Qh6+ 34. Kg3 g5 35. Qg4 Qh4+ 36. Qxh4 gxh4+ 37. Kxh4 Kh7 38. Kg5 Bb7 39. g3
Bc6 40. a4 a6 41. Bd8 Kg7 42. Bb6 Bd7 43. f4 Bc6 44. g4 Bd7 45. f5 Be8 46. Bc5
Bd7 47. Kf4 Bc6 48. Ke3 Kh6 49. Be7 Bd7 50. Kf4 Kh7 51. a5 Kh6 52. b4 Kh7 53.
Bf8 Kg8 54. Bc5 Kg7 55. Kg5 Be8 56. Be7 Bb5 57. Kf4 Bd7 58. Bc5 Kh6 59. Bf8+
Kh7 60. Kg5 Kg8 61. Bc5 Kg7 62. Be7 Bb5 63. Kf4 Bd7 64. Bh4 Bb5 65. Ke3 Bd7 66.
Kd4 exf5 67. gxf5 Bxf5 68. Kxd5 Bd3 69. Bf2 Kg6 70. Kd4 Bb5 71. Kd5 Kf5 72. Bd4
Bf1 73. Bb2 Bb5 74. Bd4 1/2-1/2

[Event "4NCL Division 3s"]
[Site "Daventry Court ENG"]
[Date "2013.11.16"]
[Round "1.145"]
[White "Coates, Kenneth G"]
[Black "Thompson, Robert"]
[Result "1-0"]
[WhiteElo "2161"]
[BlackElo "1962"]
[PlyCount "93"]
[EventDate "2013.11.16"]
[WhiteTeam "BCM Rhinos (2)"]
[BlackTeam "Bristol University"]

1. d4 Nf6 2. Nf3 g6 3. Nc3 d5 4. Bf4 Bg7 5. Qd2 Ne4 6. Nxe4 dxe4 7. Ne5 c5 8.
e3 Qb6 9. c3 O-O 10. h4 Nc6 11. Nc4 Qd8 12. dxc5 e5 13. Bg3 Be6 14. Rd1 f5 15.
Qxd8 Raxd8 16. Rxd8 Rxd8 17. Be2 Kf8 18. O-O Ke7 19. Rc1 h6 20. Kf1 g5 21. hxg5
hxg5 22. b3 f4 23. Bh2 Rh8 24. Kg1 Rd8 25. Nd6 b6 26. Nxe4 bxc5 27. Nxg5 fxe3
28. Nxe6 exf2+ 29. Kxf2 Kxe6 30. Bg4+ Ke7 31. Rd1 Rxd1 32. Bxd1 e4 33. Ke3 Bxc3
34. Kxe4 Bd4 35. Bf4 Kf6 36. Be2 Nd8 37. Kd5 Ne6 38. Bd6 Be3 39. g3 Bf2 40. Bd3
a5 41. a4 Be1 42. Be4 Bf2 43. Kc6 Nd4+ 44. Kd5 Ne6 45. g4 Be3 46. Be5+ Ke7 47.
Bc3 1-0

[Event "4NCL Division 3s"]
[Site "Daventry Court ENG"]
[Date "2013.11.16"]
[Round "1.147"]
[White "Richardson, Keith B"]
[Black "Brijmohun, K Louis"]
[Result "0-1"]
[WhiteElo "2116"]
[BlackElo "1944"]
[PlyCount "50"]
[EventDate "2013.11.16"]
[WhiteTeam "BCM Rhinos (2)"]
[BlackTeam "Bristol University"]

1. e4 e5 2. Nf3 Nc6 3. Bc4 Bc5 4. O-O Nf6 5. d3 h6 6. Nc3 O-O 7. Be3 Qe7 8. d4
exd4 9. Nxd4 Bxd4 10. Bxd4 Nxe4 11. Nd5 Qd8 12. Re1 Nd6 13. Bf6 gxf6 14. Qg4+
Kh7 15. Bd3+ f5 16. Bxf5+ Kh8 17. f4 Rg8 18. Qh5 Nxf5 19. Qxf5 d6 20. Qxf7 Qf8
21. Qh5 Qg7 22. g3 Bg4 23. Qh4 Nd4 24. Kf2 Nf3 25. Qf6 Nxe1 0-1

[Event "4NCL Division 3s"]
[Site "Daventry Court ENG"]
[Date "2013.11.16"]
[Round "1.148"]
[White "Meadows, Michael"]
[Black "Scrimgour, Alan"]
[Result "1/2-1/2"]
[WhiteElo "1764"]
[BlackElo "2045"]
[PlyCount "72"]
[EventDate "2013.11.16"]
[WhiteTeam "Bristol University"]
[BlackTeam "BCM Rhinos (2)"]

1. e4 c5 2. Nf3 e6 3. d4 cxd4 4. Nxd4 Nf6 5. Nc3 d6 6. g4 h6 7. h4 Nc6 8. Rg1
h5 9. gxh5 Nxh5 10. Bg5 Nf6 11. Qd2 Qb6 12. Nb3 a6 13. O-O-O Qc7 14. Be2 b5 15.
Bxb5 axb5 16. Nxb5 Qb8 17. Nxd6+ Bxd6 18. Qxd6 Qxd6 19. Rxd6 Na5 20. e5 Nxb3+
21. cxb3 Nd7 22. a3 Bb7 23. Re1 Rc8+ 24. Kd2 Nc5 25. Rb6 Bd5 26. Rc1 O-O 27.
Rxc5 Rxc5 28. Be7 Rfc8 29. Bxc5 Rxc5 30. b4 Rc4 31. a4 Rxh4 32. a5 g5 33. a6
Kg7 34. a7 Kg6 35. Rb8 Kf5 36. Rd8 Bg2 1/2-1/2

[Event "4NCL Division 3s"]
[Site "Daventry Court ENG"]
[Date "2013.11.16"]
[Round "1.149"]
[White "Stille, Alexander M"]
[Black "Young, Daniel J"]
[Result "1-0"]
[WhiteElo "2045"]
[BlackElo "1755"]
[PlyCount "63"]
[EventDate "2013.11.16"]
[WhiteTeam "BCM Rhinos (2)"]
[BlackTeam "Bristol University"]

1. d4 Nf6 2. c4 g6 3. Nc3 Bg7 4. e4 d6 5. Bd3 O-O 6. Nge2 e5 7. d5 Nbd7 8. O-O
Nc5 9. Bc2 a5 10. Rb1 Bd7 11. b3 Nh5 12. a3 f5 13. exf5 gxf5 14. b4 axb4 15.
axb4 Na6 16. f4 Qe7 17. Rf3 Rae8 18. Rh3 Qf7 19. fxe5 Rxe5 20. Nf4 Nf6 21. Nce2
Ree8 22. Bb2 Rxe2 23. Nxe2 f4 24. Nxf4 Bxh3 25. Nxh3 Qe7 26. Bf5 Qe3+ 27. Kh1
c6 28. dxc6 bxc6 29. Qxd6 Ne4 30. Be6+ Kh8 31. Bxg7+ Kxg7 32. Qd7+ 1-0

[Event "4NCL Division 3s"]
[Site "Daventry Court ENG"]
[Date "2013.11.16"]
[Round "1.156"]
[White "Mercs, Peter J"]
[Black "Paul, Nathanael"]
[Result "1/2-1/2"]
[WhiteElo "2085"]
[BlackElo "1869"]
[PlyCount "92"]
[EventDate "2013.11.16"]
[WhiteTeam "Ashfield-Breadsall"]
[BlackTeam "Shropshire"]

1. e4 c6 2. d4 d5 3. exd5 cxd5 4. c4 Nf6 5. Nc3 Nc6 6. Nf3 Bg4 7. cxd5 Nxd5 8.
Qb3 Bxf3 9. gxf3 e6 10. Qxb7 Nxd4 11. Bb5+ Nxb5 12. Qc6+ Ke7 13. Qxb5 Qd7 14.
Bg5+ f6 15. Nxd5+ Qxd5 16. Qxd5 exd5 17. Be3 Ke6 18. a3 a5 19. O-O-O Rc8+ 20.
Kb1 Bc5 21. Rhe1 Bxe3 22. Rxe3+ Kd6 23. Rde1 d4 24. Re6+ Kd5 25. Re7 Rhd8 26.
Rxg7 Kc4 27. Rd1 d3 28. f4 f5 29. Rxh7 Kd4 30. Rh3 Kc4 31. Re3 Rb8 32. h4 Rb3
33. Rd2 a4 34. h5 Rg8 35. Rg3 Rxg3 36. fxg3 Kd4 37. h6 Rb7 38. Rh2 Rh7 39. Kc1
Ke3 40. Kd1 Kf3 41. Rh5 Kxg3 42. Rxf5 Rxh6 43. Rd5 Kxf4 44. Rxd3 Ke5 45. Kc2
Rc6+ 46. Rc3 Ra6 1/2-1/2

[Event "4NCL Division 3s"]
[Site "Daventry Court ENG"]
[Date "2013.11.16"]
[Round "1.157"]
[White "Pugh, Glyn D"]
[Black "Walker, Andrew N"]
[Result "1/2-1/2"]
[WhiteElo "1867"]
[BlackElo "2119"]
[PlyCount "42"]
[EventDate "2013.11.16"]
[WhiteTeam "Shropshire"]
[BlackTeam "Ashfield-Breadsall"]

1. e4 e5 2. f4 exf4 3. Nc3 d5 4. Nxd5 Nf6 5. Nxf6+ Qxf6 6. Nf3 Nc6 7. d4 Bg4 8.
c3 O-O-O 9. Bd3 g5 10. e5 Qe7 11. O-O f6 12. exf6 Qxf6 13. Be4 Bg7 14. Qa4 Bxf3
15. Bxf3 Kb8 16. Bd2 Ne5 17. Qb5 Qb6 18. Be2 c5 19. Qxb6 axb6 20. Bxf4 gxf4 21.
dxe5 Bxe5 1/2-1/2